000 00630nam a2200193Ii 4500
003 JO-AjNU
008 230605s9999||||xx |||||||||||||| ||und||
040 _aJO-AjNU
_bara
_erda
_cJO-AjNU
041 _aara
050 1 4 _aHD30.2.M353.2011
100 3 _aالمكاوي، محمد محمود,
_eauthor
_944077
245 0 0 _aالادارة الالكترونية
264 3 1 _aد.م:دار الفكر والقانون،2011
300 _a217ص
336 _atext
_btxt
_2rdacontent
337 _aunmediated
_bn
_2rdamedia
338 _avolume
_bnc
_2rdacarrier
650 4 _aادارة اعمال-معالجة بيانات
_944078
999 _aA19001
_c22569
_d22569